|
|
|
|
| LEADER |
00000nam a22000007a 4500 |
| 005 |
20150129173543.0 |
| 007 |
cr|||| |||| |
| 008 |
150129s2014 sp |||||s|||| 00||0 spa d |
| 020 |
|
|
|a 978-84-9085-191-3
|
| 035 |
|
|
|a 12569
|
| 040 |
|
|
|a vLex
|
| 090 |
|
|
|c 5331
|d 5331
|
| 100 |
1 |
|
|4 Cremades Garca̕, Purificacin̤
|
| 245 |
1 |
0 |
|a Sucesin̤ mortis causa de la empresa familiar
|h [Recurso electrn̤ico] :
|b la alternativa de los pactos sucesorios /
|c Purificacin̤ Cremades Garca̕
|
| 256 |
|
|
|a Servicio en ln̕ea
|
| 260 |
|
|
|a Madrid :
|b Dykinson,
|c 2014
|
| 300 |
|
|
|a 1 recurso electrn̤ico
|
| 506 |
1 |
|
|a Contenido solo disponible en los productos indicados
|d vLex Global
|d vLex Global (Academic Edition, excluding Law Schools)
|d vLex Global (U.S. Academic Edition, Law Schools)
|d vLex Global (U.S. Academic Edition, excluding Law Schools)
|d vLex Global (Academic Edition, Law Schools)
|
| 650 |
0 |
4 |
|a Herencias y sucesiones
|z Espaą
|
| 650 |
0 |
4 |
|a Derecho de familia
|z Espaą
|
| 740 |
0 |
|
|a vLex Libros (Servicio en ln̕ea)
|
| 856 |
4 |
0 |
|u http://vlex.com/source/12569
|z Acceso restringido
|
| 942 |
|
|
|c BOOK
|
| 999 |
0 |
|
|a Domestic relations
|
| 999 |
0 |
|
|a Inheritance and succession
|